000 00335nam a22001457a 4500
003 OSt
005 20160727222402.0
008 160623b xxu||||| |||| 00| 0 eng d
040 _cTEST
100 _9738
_aCarroll, L
245 _aAlice in Wonderland
260 _aMOS
_bPROGRESS
_c1979
300 _aAlice in Wonderland
942 _2ddc
_cBK
999 _c596
_d596